面積の増加した市区町村 - Statistics

General Stats
  • This quiz has been taken 157 times
  • The average score is 4 of 20
Answer Stats
Rank km² Answer % Correct
1 2.85 江東区
72%
4 1.20 大田区
70%
7 0.52 横浜市
60%
2 2.53 小笠原村
52%
6 0.55 北九州市
38%
3 1.85 那覇市
30%
13 0.29 下関市
20%
19 0.23 姫路市
20%
9 0.44 倉敷市
18%
18 0.24 いわき市
14%
12 0.37 釧路市
11%
15 0.27 徳島市
10%
5 0.70 苅田町
9%
17 0.25 相模原市
9%
10 0.43 ひたちなか市
5%
16 0.26 六ヶ所村
2%
8 0.45 武豊町
1%
14 0.28 山中湖村
1%
11 0.39 江北町
0%
20 0.20 由良町
0%
No matching quizzes found
Score Distribution
Percent of People with Each Score
Percentile by Number Answered
Your Score History
You have not taken this quiz